Modificacin̤ de la relacin̤ obligatoria Cuaderno IV

Detalles Bibliográficos
Otros Autores: Bello Janeiro, Domingo (coord.)
Formato: Libro
Lenguaje:español
Publicado: Madrid : Dykinson, cop. 2010
Colección:Cuadernos prc̀ticos Bolonia. Obligaciones y contratos; 4
Materias:
Acceso en línea:Acceso restringido

MARC

LEADER 00000nam a2200000 a 4500
005 20110912113414.0
008 110301s2010 sp 001 0 spa c
020 |a 978-84-9982-084-2  
035 |a 5752 
040 |a vLex 
090 |c 2424  |d 2424 
245 0 0 |a Modificacin̤ de la relacin̤ obligatoria  |h [Recurso electrn̤ico] /  |c Dr. Domingo Bello Janeiro, coord.   |n Cuaderno IV 
256 |a Servicio en ln̕ea. 
260 |a Madrid :  |b Dykinson,  |c cop. 2010 
300 |a 155 p. ;  |c 22 cm. 
504 |a Bibliografa̕  
506 1 |a Contenido solo disponible en los productos indicados  |d vLex Global  |d vLex Global (Academic Edition, excluding Law Schools)  |d vLex Global (U.S. Academic Edition, Law Schools)  |d vLex Global (U.S. Academic Edition, excluding Law Schools)  |d vLex Global (Academic Edition, Law Schools) 
650 4 |a Contratos  |z Espaą 
650 4 |a Obligaciones (Derecho)  |z Espaą 
700 1 |a Bello Janeiro, Domingo  |e coord. 
740 0 |a vLex Libros (Servicio en ln̕ea) 
830 0 |a Cuadernos prc̀ticos Bolonia.  |p Obligaciones y contratos;  |v 4 
856 4 0 |u http://vlex.com/source/5752  |z Acceso restringido 
942 |c BOOK